000 00345nam a22001337a 4500
999 _c108754
_d108754
005 20181107115243.0
008 181107b ||||| |||| 00| 0 eng d
040 _cPK-LaUMT
082 _a348.54026
_bALL-
245 _aAll India reporter [AIR, 2007, Vol.94] /
260 _aNagpur :
_bS. W. Chitaley,
_c2007
300 _a10 vols.
942 _cBK